[Event "WJCC U20 Open 2019"]
[Site "New Delhi"]
[Date "2019.10.23"]
[Round "9.43"]
[White "Maltezeanu, Stefan"]
[Black "Sivathanujan, S."]
[Result "1-0"]
[WhiteElo "2102"]
[BlackElo "1766"]
[Annotator "ChessBase"]
[PlyCount "100"]
[EventDate "2019.10.15"]
[EventType "swiss"]
[EventCountry "IND"]
[SourceTitle "playchess.com"]
[Source "ChessBase"]
[SourceQuality "1"]
[TimeControl "40/5400+30:1800+30"]

1. d4 {[%emt 0:00:00]} d5 {[%emt 0:00:00]} 2. c4 {[%emt 0:00:10]} c6 {[%emt 0:00:00]} 3. Nf3 {[%emt 0:00:20]} Nf6 {[%emt 0:00:00]} 4. Nc3 {[%emt 0:00:58]} e6 {[%emt 0:00:04]} 5. Bg5 {[%emt 0:00:40]} Be7 {[%emt 0:00:52]} 6. e3 {[%emt 0:00:09]} Nbd7 {[%emt 0:03:14]} 7. Bd3 {[%emt 0:01:05]} dxc4 {[%emt 0:03:18]} 8. Bxc4 {[%emt 0:01:22]} b5 {[%emt 0:00:11]} 9. Bd3 {[%emt 0:00:58]} Bb7 {[%emt 0:00:19]} 10. O-O {[%emt 0:00:09]} O-O {[%emt 0:00:11]} 11. e4 {[%emt 0:11:06]} h6 {[%emt 0:10:33]} 12. Bxf6 {[%emt 0:18:32]} Bxf6 {[%emt 0:06:51]} 13. e5 {[%emt 0:00:55]} Be7 {[%emt 0:00:13]} 14. Qe2 {[%emt 0:08:16]} c5 {[%emt 0:11:31]} 15. Nxb5 {[%emt 0:04:54]} a6 {[%emt 0:00:24]} 16. Nc3 {[%emt 0:00:22]} cxd4 {[%emt 0:03:56]} 17. Nxd4 {[%emt 0:07:17]} Nxe5 {[%emt 0:05:05]} 18. Qxe5 {[%emt 0:00:44]} Bf6 {[%emt 0:00:07]} 19. Qe2 {[%emt 0:05:33]} Qxd4 {[%emt 0:00:55]} 20. Rfd1 {[%emt 0:01:48]} Qb6 {[%emt 0:06:03]} 21. Rab1 {[%emt 0:02:11]} Rfd8 {[%emt 0:01:33]} 22. Ne4 {[%emt 0:00:28]} Bd4 {[%emt 0:01:20]} 23. Ng3 {[%emt 0:05:18]} Rd5 {[%emt 0:07:54]} 24. Be4 {[%emt 0:04:02]} Re5 {[%emt 0:03:12]} 25. Qf3 {[%emt 0:00:04]} Bxf2+ {[%emt 0:05:13]} 26. Kh1 {[%emt 0:00:05]} Bxe4 {[%emt 0:10:20]} 27. Nxe4 {[%emt 0:00:08]} Qa7 {[%emt 0:00:16]} 28. Nxf2 {[%emt 0:08:17]} Rf5 {[%emt 0:03:09]} 29. Rd7 {[%emt 0:00:20]} Qxd7 {[%emt 0:01:56]} 30. Qxa8+ {[%emt 0:00:10]} Kh7 {[%emt 0:00:06]} 31. Qe4 {[%emt 0:01:54]} g6 {[%emt 0:00:06]} 32. Qe2 {[%emt 0:01:52]} Qd4 {[%emt 0:03:24]} 33. Nh3 {[%emt 0:01:31]} a5 {[%emt 0:05:29]} 34. Rf1 {[%emt 0:01:04]} Rf4 35. Rf2 Rxf2 {[%emt 0:00:43]} 36. Qf1 {[%emt 0:00:34]} f5 37. Qxf2 {[%emt 0:00:29]} Qd7 {[%emt 0:01:17]} 38. Qe1 {[%emt 0:00:49]} a4 {[%emt 0:00:16]} 39. Qe5 {[%emt 0:00:18]} g5 {[%emt 0:02:02]} 40. Ng1 {[%emt 0:00:06]} g4 {[%emt 0:00:30]} 41. h3 {[%emt 0:30:03]} h5 {[%emt 0:30:08]} 42. Kh2 {[%emt 0:00:46]} Kg6 {[%emt 0:02:04]} 43. Ne2 {[%emt 0:00:14]} Kf7 {[%emt 0:01:40]} 44. Nf4 {[%emt 0:00:18]} gxh3 {[%emt 0:00:34]} 45. Kxh3 {[%emt 0:00:25]} h4 {[%emt 0:00:52]} 46. b4 {[%emt 0:01:06]} axb3 {[%emt 0:00:22]} 47. axb3 {[%emt 0:00:04]} Qc6 {[%emt 0:00:28]} 48. Qxe6+ {[%emt 0:00:11]} Qxe6 {[%emt 0:00:10]} 49. Nxe6 {[%emt 0:00:03]} Kxe6 {[%emt 0:00:07]} 50. Kxh4 {[%emt 0:00:02]} Kd5 1-0

[Event "WJCC U20 Open 2019"]
[Site "New Delhi"]
[Date "2019.10.23"]
[Round "9.44"]
[White "De Silva, L M S T"]
[Black "Zrikem, Nassim"]
[Result "1/2-1/2"]
[WhiteElo "1879"]
[BlackElo "2125"]
[Annotator "TA"]
[PlyCount "60"]
[EventDate "2019.10.15"]
[EventType "swiss"]
[EventCountry "IND"]
[SourceTitle "playchess.com"]
[Source "ChessBase"]
[SourceQuality "1"]

{[%evp 13,60,29,30,33,29,26,31,31,42,43,35,0,0,0,24,0,0,0,0,0,0,0,0,0,0,0,0,0,0,0,0,0,7,0,0,0,0,0,10,0,0,0,2,0,0,0,7,0,0]} 1. e4 e5 2. Nf3 Nc6 3. Bc4 Nf6 4. d3 Be7 5. O-O O-O 6. Re1 d6 7. a4 Na5 8. Ba2 {C55: Two Knights: 4 d3, 4 d4 exd4 5 e5 and Max Lange Attack} c5 9. c3 Nc6 10. Na3 {White is slightly better.} h6 11. Bd2 a6 12. b4 $146 ({Predecessor:} 12. h3 Rb8 13. Nc2 b5 14. axb5 axb5 15. b4 cxb4 16. cxb4 {1-0 (48) Bacrot,E (2692)-Naumann,A (2561) Germany 2017}) 12... cxb4 $1 13. cxb4 Bg4 14. Nc2 d5 {The position is equal.} 15. exd5 Nxd5 16. Bxd5 Qxd5 17. Ne3 {[%mdl 64] [#] Double Attack} Bxf3 $1 18. Nxd5 Bxd1 19. Nxe7+ Nxe7 20. Raxd1 Ng6 21. Be3 Rad8 22. d4 Rfe8 23. dxe5 Nxe5 24. Rxd8 Rxd8 $11 {[%mdl 4096] Endgame KRB-KRN} 25. Kf1 Nd3 26. Rd1 {[#] And now Ke2 would win.} Rd5 27. b5 axb5 28. axb5 Nb4 29. Rc1 b6 30. Bxb6 {Hoping for Bc7.} Rxb5 {Accuracy: White = 73%, Black = 79%.} 1/2-1/2

[Event "WJCC U20 Open 2019"]
[Site "New Delhi"]
[Date "2019.10.23"]
[Round "9.45"]
[White "Dahanayake, Isara Banidu"]
[Black "Swarnavo Choudhury"]
[Result "1/2-1/2"]
[WhiteElo "1771"]
[BlackElo "1797"]
[Annotator "NA"]
[PlyCount "99"]
[EventDate "2019.10.15"]
[EventType "swiss"]
[EventCountry "IND"]
[SourceTitle "playchess.com"]
[Source "ChessBase"]
[SourceQuality "1"]
[TimeControl "40/5400+30:1800+30"]

1. e4 {[%emt 0:00:00]} c5 {[%emt 0:00:00]} 2. Nf3 {[%emt 0:00:00]} e6 {[%emt 0:00:00]} 3. d4 {[%emt 0:00:13]} cxd4 {[%emt 0:00:00]} 4. Nxd4 {[%emt 0:00:07]} Nc6 {[%emt 0:00:00]} 5. Nc3 {[%emt 0:00:44]} Qc7 {[%emt 0:00:06]} 6. f4 {[%emt 0:00:38]} a6 {[%emt 0:00:20]} 7. Nxc6 {[%emt 0:00:21]} bxc6 {[%emt 0:02:10]} 8. Bd3 {[%emt 0:00:19]} Nf6 {[%emt 0:00:16]} 9. O-O {[%emt 0:01:49]} d5 {[%emt 0:01:05]} 10. Qe2 {[%emt 0:00:45]} Be7 {[%emt 0:01:10]} 11. Bd2 {[%emt 0:01:17]} Rb8 {[%emt 0:05:12]} 12. b3 {[%emt 0:03:14]} Bb7 {[%emt 0:06:32]} 13. Rae1 {[%emt 0:06:04]} h5 {[%emt 0:17:45]} 14. e5 {[%emt 0:31:17]} Ng4 {[%emt 0:01:17]} 15. Kh1 {[%emt 0:06:57]} g6 {[%emt 0:01:19]} 16. Na4 {[%emt 0:03:06]} a5 {[%emt 0:02:37]} 17. c4 {[%emt 0:09:02]} c5 {[%emt 0:05:12]} 18. cxd5 {[%emt 0:06:22]} Bxd5 {[%emt 0:00:58]} 19. Rc1 {[%emt 0:01:32]} Qa7 {[%emt 0:13:33]} 20. Bb5+ {[%emt 0:06:29]} Kf8 {[%emt 0:02:40]} 21. Nc3 {[%emt 0:05:26]} Bb7 {[%emt 0:04:53]} 22. a4 {[%emt 0:04:15]} Kg7 {[%emt 0:01:41]} 23. Nd1 {[%emt 0:03:13]} Bd5 {[%emt 0:06:43]} 24. Rc3 {[%emt 0:01:07]} Qa8 {[%emt 0:06:28]} 25. Ne3 {[%emt 0:01:09]} Be4 {[%emt 0:01:07]} 26. Nc4 {[%emt 0:02:58]} Rhd8 {[%emt 0:02:17]} 27. Be1 {[%emt 0:01:12]} Rd4 {[%emt 0:05:16]} 28. h3 {[%emt 0:01:07]} Nh6 {[%emt 0:00:50]} 29. Nd2 {[%emt 0:02:34]} Nf5 {[%emt 0:01:49]} 30. Nf3 {[%emt 0:00:35]} Rdd8 {[%emt 0:02:51]} 31. Bf2 {[%emt 0:00:36]} h4 {[%emt 0:02:30]} 32. Rfc1 {[%emt 0:00:23]} Nd4 {[%emt 0:00:54]} 33. Bxd4 {[%emt 0:00:34]} cxd4 {[%emt 0:00:07]} 34. Rc7 {[%emt 0:00:26]} d3 {[%emt 0:02:35]} 35. Qf2 {[%emt 0:00:31]} Rbc8 {[%emt 0:01:48]} 36. Nd2 {[%emt 0:00:27]} Bf5 {[%emt 0:00:15]} 37. R1c4 {[%emt 0:01:06]} Rxc7 {[%emt 0:02:40]} 38. Rxc7 {[%emt 0:00:01]} Bb4 {[%emt 0:00:34]} 39. Qxh4 {[%emt 0:00:29]} Rf8 {[%emt 0:00:13]} 40. Qf2 {[%emt 0:00:44]} Rh8 {[%emt 0:01:07]} 41. Kg1 {[%emt 0:30:27]} Rc8 {[%emt 0:05:25]} 42. Rc4 {[%emt 0:00:00]} Rh8 {[%emt 0:09:17]} 43. Bc6 {[%emt 0:00:00]} Qb8 {[%emt 0:04:43]} 44. Bb5 {[%emt 0:00:00]} Qa8 {[%emt 0:05:46]} 45. Bc6 {[%emt 0:01:24]} Qb8 {[%emt 0:00:13]} 46. Bb5 {[%emt 0:00:03]} Bxd2 {[%emt 0:01:09]} 47. Qxd2 {[%emt 0:00:02]} Qb7 {[%emt 0:03:15]} 48. Qe3 {[%emt 0:01:02]} Qd5 {[%emt 0:03:40]} 49. Qd2 {[%emt 0:00:53]} Qa8 {[%emt 0:01:20]} 50. Kh2 1/2-1/2

[Event "WJCC U20 Open 2019"]
[Site "New Delhi"]
[Date "2019.10.24"]
[Round "10.1"]
[White "Wang, Shixu B"]
[Black "Shtembuliak, Evgeny"]
[Result "1/2-1/2"]
[WhiteElo "2370"]
[BlackElo "2577"]
[Annotator "TA"]
[PlyCount "62"]
[EventDate "2019.10.15"]
[EventType "swiss"]
[EventCountry "IND"]
[SourceTitle "playchess.com"]
[Source "ChessBase"]
[SourceQuality "1"]

{[%evp 9,62,33,42,22,27,18,18,8,18,15,17,9,15,0,0,-31,0,0,6,-31,-15,-17,-15,-23,-6,-17,-8,-42,0,0,5,0,0,-42,39,-7,48,47,70,53,59,52,50,40,62,67,72,90,56,0,66,73,72,70,85]} 1. d4 g6 2. c4 Bg7 3. Nc3 d6 4. e4 e5 5. d5 a5 6. Be2 {A42: Modern Defence: Averbakh Variation} (6. b3 f5 7. exf5 gxf5 8. Qh5+ Kf8 9. Bb2 Nf6 10. Qd1 Na6 11. Be2 Nc5 12. Nf3 Bd7 13. O-O Rg8 {½-½ (52) Kazhgaleyev,M (2587)-Tabatabaei,M (2600) Astana 2019}) 6... Na6 7. Be3 Bd7 8. Nf3 {The position is equal.} Nh6 $146 ({Predecessor:} 8... Nc5 9. Nd2 h5 10. O-O Bh6 11. f4 exf4 12. Bxf4 Bxf4 13. Rxf4 {½-½ (27) Horvath,P (2458)-Dobos,J (2283) Zalakaros 2003}) 9. Qc1 Ng4 10. Bg5 f6 11. Bd2 {And now h3 would win.} f5 $1 12. Ng5 Nc5 (12... f4 $5 {[%cal Rd8g5]} 13. Nf3 O-O $15) 13. exf5 gxf5 14. h3 Nf6 15. Qc2 h6 16. Ne6 Nxe6 17. dxe6 Bxe6 18. O-O-O O-O 19. g4 f4 ({Of course not} 19... fxg4 $6 20. hxg4 Nd7 {[#]} 21. g5 $1 $16 {[%mdl 512]} (21. Bxh6 Bxh6+ 22. Rxh6 Qg5+ {[%mdl 64] Double Attack} 23. Qd2 Qxd2+ 24. Kxd2 Rf6 $14)) 20. Rhg1 Nh7 21. Ne4 Kh8 (21... Ng5 $15) 22. Bd3 (22. h4 $5) 22... Bg8 (22... Ng5 $11) 23. h4 $14 b5 24. g5 $40 {[%mdl 128] White is up to no good.} bxc4 $1 25. Bxc4 Bxc4 26. gxh6 Bf6 27. Nxf6 Qxf6 28. Qxc4 Qxh6 29. Rg4 ({Better is} 29. Bc3 $14) 29... Qh5 (29... Nf6 $11 30. Rg5 a4) 30. Rdg1 Qf7 {[#]} 31. Rxf4 $1 {[%mdl 512]} Qxc4+ {Accuracy: White = 51%, Black = 56%.} (31... exf4 $2 {is the wrong capture.} 32. Bc3+ Qf6 33. Bxf6+ Nxf6 34. Rg6 $18) 1/2-1/2

[Event "WJCC U20 Open 2019"]
[Site "New Delhi"]
[Date "2019.10.24"]
[Round "10.2"]
[White "Santos Ruiz, Miguel"]
[Black "Aravindh, Chithambaram VR."]
[Result "1/2-1/2"]
[WhiteElo "2560"]
[BlackElo "2609"]
[Annotator "TA"]
[PlyCount "61"]
[EventDate "2019.10.15"]
[EventType "swiss"]
[EventCountry "IND"]
[SourceTitle "playchess.com"]
[Source "ChessBase"]
[SourceQuality "1"]

{[%evp 26,61,42,29,36,30,32,25,51,56,54,54,66,58,62,25,18,17,6,16,30,0,0,0,0,0,0,0,7,0,0,0,0,6,8,7,8,8]} 1. e4 c5 2. Nf3 d6 3. d4 cxd4 4. Nxd4 Nf6 5. Nc3 g6 6. Be3 Bg7 7. f3 O-O 8. Qd2 Nc6 9. O-O-O d5 10. exd5 Nxd5 11. Nxc6 bxc6 12. Bd4 Bxd4 13. Qxd4 Qb6 14. Na4 Qa5 {B76: Sicilian Dragon: Yugoslav Attack, 9 g4 and 9 0-0-0} (14... Qc7 15. Nc5 Rd8 16. Bc4 Bf5 17. Bb3 h5 18. Kb1 Qf4 19. Nb7 Qxd4 20. Rxd4 Rd7 21. Na5 e5 22. Rdd1 {1-0 (47) Caruana,F (2828)-Edouard,R (2643) chess.com INT 2019}) 15. b3 Qc7 16. g3 Bf5 {White has an edge.} 17. Bd3 Bxd3 18. Rxd3 {[#]} Rab8 $146 ({Predecessor:} 18... Rfd8 19. Rhd1 Rd6 20. Qe5 Rad8 21. a3 f6 22. Qe1 {½-½ (38) Istratescu,A (2645)-Jianu,V (2518) Eretria 2011}) 19. a3 e5 20. Qe4 Qe7 21. Kb2 f5 $36 {[%mdl 2048] White is under pressure.} 22. Qc4 e4 23. fxe4 (23. Rd4 {is interesting.} exf3 24. Nc3 Qf6 25. Rf1 Kg7 26. Qc5) 23... Qxe4 {The position is equal.} ({Much weaker is} 23... fxe4 24. Re3 $14) 24. Qxe4 fxe4 25. Rd4 Rbe8 26. Re1 e3 27. Nc3 Rf2 28. Nxd5 cxd5 29. Rd3 e2 {[#] ...Rf1 is the strong threat.} 30. Kc3 Rxh2 31. Rxd5 {Accuracy: White = 84%, Black = 74%.} 1/2-1/2

[Event "WJCC U20 Open 2019"]
[Site "New Delhi"]
[Date "2019.10.24"]
[Round "10.3"]
[White "Hakobyan, Aram"]
[Black "Karthikeyan, Murali"]
[Result "1-0"]
[WhiteElo "2561"]
[BlackElo "2617"]
[Annotator "TA"]
[PlyCount "89"]
[EventDate "2019.10.15"]
[EventType "swiss"]
[EventCountry "IND"]
[SourceTitle "playchess.com"]
[Source "ChessBase"]
[SourceQuality "1"]

{[%evp 21,89,56,50,51,53,33,42,47,65,67,75,72,109,106,99,92,101,99,96,90,108,108,107,101,120,89,88,94,95,87,93,93,97,94,117,103,160,152,130,132,132,133,131,97,91,61,76,60,65,70,162,146,218,119,111,80,123,116,388,348,396,396,913,903,1042,1011,953,923,2839,2317]} 1. e4 c5 2. Nf3 e6 3. d4 cxd4 4. Nxd4 Nc6 5. Nc3 Qc7 6. g3 a6 7. Bg2 Nf6 8. O-O d6 9. Re1 Bd7 10. Nxc6 bxc6 11. Na4 Be7 12. c4 {B80: Sicilian Scheveningen: 6 g3 and 6 Be3, including English Attack} O-O {[#]} 13. c5 $1 {[%mdl 512]} dxc5 14. Be3 {White is slightly better.} Rfb8 $146 ({Predecessor:} 14... c4 15. Nb6 Rab8 16. Nxc4 e5 17. h3 Be6 18. Qc2 Nd7 19. Red1 Rfd8 {1-0 (52) So,W (2776)-Oboladze,L (2340) Batumi 2018}) 15. Rc1 e5 16. b3 c4 17. Rxc4 Be6 18. Rc2 Bb4 19. Rf1 Ng4 20. Bc5 a5 21. Qc1 Nf6 22. Be3 Qe7 23. Rxc6 Bd7 24. Rc7 Qe6 25. Nc5 Bxc5 26. Qxc5 a4 27. bxa4 Rxa4 28. Rd1 h6 (28... Raa8 $142 29. Bg5 Qg4) 29. Rcxd7 $16 Nxd7 30. Qc7 Rd4 31. Bxd4 exd4 32. h3 (32. Rxd4 $2 Rb1+ 33. Bf1 Qh3 $19) 32... Rb2 33. Qd8+ ({Don't go for} 33. Rxd4 $2 Qf6 $1 $19 {[%mdl 512]}) 33... Kh7 34. Rxd4 Ne5 35. Qd5 {And now Qxe6 would win.} Qf6 (35... Rb1+ $1 $14 36. Kh2 Rb2) 36. Rd2 Rb1+ (36... Rb4 $16 37. f4 Nc4) 37. Kh2 (37. Rd1 $18 Rb2 38. f4) 37... g5 38. a4 {[%cal Ba2a4,Ba4a5,Ba5a6,Ba6a7][%mdl 32]} Ra1 39. Qb3 {aiming for Ra2.} Kg7 $2 {[%mdl 8192] [#]} (39... g4 $16 {might work better.}) 40. Ra2 $1 $18 {[%cal Ra2a1]} Rc1 41. a5 {Strongly threatening a6.} h5 $2 (41... Rc3 42. Qb5 (42. Qxc3 Ng4+ 43. hxg4 Qxc3 $16) 42... g4) 42. a6 {White is clearly winning.} Kh7 43. a7 Qh6 44. Bh1 (44. a8=Q $2 {[#] is a self mate.} Ng4+ $1 {[%mdl 512]} 45. hxg4 hxg4+ 46. Bh3 Qxh3#) 44... Ng4+ 45. Kg2 {Accuracy: White = 74%, Black = 38%.} 1-0

[Event "WJCC U20 Open 2019"]
[Site "New Delhi"]
[Date "2019.10.24"]
[Round "10.4"]
[White "Sargsyan, Shant"]
[Black "Bronstein, Or"]
[Result "1-0"]
[WhiteElo "2580"]
[BlackElo "2413"]
[Annotator "TA"]
[PlyCount "83"]
[EventDate "2019.10.15"]
[EventType "swiss"]
[EventCountry "IND"]
[SourceTitle "playchess.com"]
[Source "ChessBase"]
[SourceQuality "1"]

{[%evp 10,83,23,7,6,7,15,26,23,23,15,7,36,15,15,25,22,21,34,13,14,10,19,8,15,22,20,0,9,4,50,58,44,47,69,19,50,21,73,75,110,124,106,89,89,86,93,99,87,87,94,70,70,59,66,66,66,66,66,59,114,109,113,128,127,125,124,125,218,221,626,623,623,621,600,585]} 1. Nf3 c5 2. c4 Nc6 3. d4 cxd4 4. Nxd4 Nf6 5. Nc3 e6 6. Bg5 h6 {A33: Symmetrical English: 2 Nf3 Nf6 3 d4 cxd4 4 Nxd4 e6 5 Nc3 Nc6} 7. Bh4 Qb6 8. Bxf6 gxf6 {White has an edge.} ({Wrong is} 8... Qxb2 $2 9. Ndb5 $18 (9. Nxc6 gxf6 10. Rc1 dxc6 $17)) 9. Nb3 $1 f5 10. e3 Bg7 $146 ({Predecessor:} 10... Rg8 11. Qd2 a6 12. O-O-O Qc7 13. Kb1 b6 14. e4 {1-0 (42) Pelletier,Y (2583)-Bruzon Batista,L (2667) Biel 2006}) 11. Rc1 O-O 12. Be2 Qd8 13. O-O b6 14. Qd2 Qf6 15. Rfd1 Rd8 16. Nd4 Ba6 17. b3 Rac8 18. a4 Bb7 19. Ndb5 Ba8 20. Nd6 $36 {[%mdl 2048] White has some pressure.} Rb8 21. Ncb5 Na5 22. Rb1 Qg6 {[%csl Ga8][%cal Rg6g2]} 23. g3 Nc6 (23... Nb7 $11) 24. Nc7 $16 Bf8 25. Nxa8 Rxa8 26. Nb7 Bb4 27. Qb2 Re8 28. Rxd7 Qg7 29. Qxg7+ Kxg7 30. f4 Re7 31. Rxe7 Bxe7 32. Bf3 Rc8 33. Rd1 Kf8 34. Kf2 a5 (34... Rc7 $14) 35. c5 Bxc5 36. Nxc5 bxc5 {[%mdl 4096] Endgame KRB-KRN} 37. Rd7 $1 Ke8 {[#]} 38. Rb7 $1 Nb4 {[#]} (38... Ne7 $16 {is a better defense.}) 39. Bh5 $1 $18 {[%cal Rh5f7]} Rd8 $2 (39... Rc6 40. Rxf7 (40. Bxf7+ Kf8 $16) 40... Kd8) 40. Bxf7+ {[%mdl 64] Double Attack. White is clearly winning.} Kf8 41. Bxe6 Rd2+ 42. Kf3 {Accuracy: White = 70%, Black = 54%.} 1-0

[Event "WJCC U20 Open 2019"]
[Site "New Delhi"]
[Date "2019.10.24"]
[Round "10.5"]
[White "Costachi, Mihnea"]
[Black "Kuybokarov, Temur"]
[Result "1/2-1/2"]
[WhiteElo "2463"]
[BlackElo "2501"]
[Annotator "TA"]
[PlyCount "60"]
[EventDate "2019.10.15"]
[EventType "swiss"]
[EventCountry "IND"]
[SourceTitle "playchess.com"]
[Source "ChessBase"]
[SourceQuality "1"]

{[%evp 20,60,7,0,0,7,15,20,20,0,8,0,0,-36,-41,-34,8,5,0,0,0,0,14,13,14,12,14,0,0,0,0,0,0,0,0,0,0,0,0,0,0,0,0]} 1. d4 Nf6 2. c4 g6 3. Nc3 d5 4. cxd5 Nxd5 5. e4 Nxc3 6. bxc3 Bg7 7. Be3 c5 8. Rc1 Qa5 9. Qd2 cxd4 10. cxd4 Qxd2+ 11. Bxd2 O-O {D85: Exchange Grünfeld: Unusual White 7th moves and lines with 7 Nf3} 12. Nf3 Bg4 13. Be3 Rd8 14. d5 Nd7 {[#]} 15. Be2 $146 ({Predecessor:} 15. Nd4 Nb6 16. Nb5 Rac8 17. Rxc8 Rxc8 18. Be2 Bxe2 19. Kxe2 {½-½ (26) Parligras,M (2587)-Areshchenko,A (2682) Reykjavik 2015}) 15... e6 16. dxe6 Bxe6 17. a4 Ne5 18. Nxe5 {The position is equal.} Bxe5 19. f4 Bb2 20. Rb1 Bc3+ 21. Kf2 b6 22. Ba6 Bc8 23. Rhc1 Bxa6 24. Rxc3 Rac8 25. Rbc1 Rxc3 26. Rxc3 Rc8 27. Rxc8+ Bxc8 28. Bd2 f5 29. exf5 gxf5 30. Ke3 Kf7 {Accuracy: White = 74%, Black = 76%.} 1/2-1/2

[Event "WJCC U20 Open 2019"]
[Site "New Delhi"]
[Date "2019.10.24"]
[Round "10.6"]
[White "Janik, Igor"]
[Black "Raghunandan, Kaumandur Srihari"]
[Result "1/2-1/2"]
[WhiteElo "2467"]
[BlackElo "2449"]
[Annotator "TA"]
[PlyCount "94"]
[EventDate "2019.10.15"]
[EventType "swiss"]
[EventCountry "IND"]
[SourceTitle "playchess.com"]
[Source "ChessBase"]
[SourceQuality "1"]

{[%evp 15,94,-23,-16,-18,0,0,0,-26,0,0,0,0,0,0,30,12,64,0,0,-26,-39,-35,42,21,60,62,66,65,55,-68,-67,-132,-109,-65,0,0,0,0,0,-452,-452,-610,-610,-589,-553,-545,-436,-158,-155,-153,-154,-170,-148,-145,-15,-15,-15,-15,-12,-12,-12,-8,-8,-8,-8,-8,-8,-8,-8,-8,-8,-10,0,0,0,0,0,0,0,0,0]} 1. d4 Nf6 2. c4 e6 3. Nf3 d5 4. Nc3 c6 5. Qd3 dxc4 6. Qxc4 b5 7. Qb3 Nbd7 8. Bg5 Be7 9. g3 {D43: Semi-Slav: 5 Bg5 h6} O-O 10. Bg2 b4 11. Na4 (11. Bxf6 $5 gxf6 12. Na4 $11) 11... Ba6 12. Bxf6 gxf6 13. Qc2 Rc8 14. O-O $146 ({Predecessor:} 14. Rd1 Qa5 15. O-O Bxe2 16. Qxe2 Qxa4 {½-½ (42) Buturin,V (2465)-Korneev,O (2590) Ubeda 1997}) 14... c5 15. d5 exd5 (15... f5 $11) 16. Nh4 (16. Rfd1 $14) 16... Ne5 17. Rfd1 d4 $1 $36 {[%mdl 2048] Black has good play.} 18. Be4 Re8 (18... Kh8 $15) 19. Bxh7+ $14 Kh8 {And now ...f5! would win.} 20. Bf5 Bf8 21. b3 $1 Rc7 22. Rd2 ({White should play} 22. Nb2 $14) 22... Bh6 $1 $15 23. f4 (23. Rdd1 $15) 23... d3 $17 24. Qd1 {Strongly threatening e3.} Bxf4 (24... Qd4+ $15 25. e3 Qxe3+ 26. Rf2 Bxf4 27. gxf4 Rg8+ 28. Ng2 Rxg2+ 29. Kxg2 Bb7+ 30. Kf1 Nf3) 25. gxf4 $11 Qd4+ {[%mdl 64] Double Attack} 26. e3 $1 Qxe3+ 27. Kh1 $2 {[%mdl 8192]} (27. Rf2 $11 Rg8+ 28. Ng2 Rxg2+ 29. Kxg2 Bb7+ 30. Kf1) 27... Bb7+ $19 28. Rg2 {[%cal Rd1h5]} Nf3 29. Nxf3 Bxf3 30. Qxd3 Qxd3 31. Bxd3 Rg8 $1 {[%cal Rg8g2][%mdl 64] Pin} 32. Rag1 {[#]} Rd7 $1 {[%cal Rd7d3]} 33. Nb2 Rd4 {Threatens to win with ...a5.} 34. h3 {[#]} Rxf4 (34... a5 $1 $17 35. Kh2 Rxg2+ 36. Rxg2 Bxg2 37. Kxg2 c4 38. bxc4 a4) 35. Kh2 $11 {[%csl Gg1][%cal Rg2g8] The position is equal.} Bxg2 36. Rxg2 Rxg2+ 37. Kxg2 Rd4 38. Kf3 Kg7 39. Ke3 Kh6 40. Be4 Kg5 41. Nd3 f5 42. h4+ Kg4 43. Ne5+ Kg3 44. Bxf5 Rd5 45. Ke4 Rd4+ 46. Ke3 Rd5 47. Ke4 Rd4+ {Accuracy: White = 59%, Black = 52%.} 1/2-1/2

[Event "WJCC U20 Open 2019"]
[Site "New Delhi"]
[Date "2019.10.24"]
[Round "10.7"]
[White "Murzin, Volodar"]
[Black "Albornoz Cabrera, Carlos Daniel"]
[Result "1-0"]
[WhiteElo "2433"]
[BlackElo "2581"]
[Annotator "TA"]
[PlyCount "87"]
[EventDate "2019.10.15"]
[EventType "swiss"]
[EventCountry "IND"]
[SourceTitle "playchess.com"]
[Source "ChessBase"]
[SourceQuality "1"]

{[%evp 16,87,15,20,18,16,19,16,19,17,16,16,16,12,10,7,13,0,2,0,0,2,2,4,27,25,21,26,31,27,34,25,39,21,66,54,89,66,207,202,213,204,203,200,173,114,115,29,34,34,34,27,33,24,54,33,176,170,283,241,250,235,263,276,235,249,234,222,298,288,372,360,604,581]} 1. e4 c5 2. Nf3 Nc6 3. Bb5 d6 4. O-O Bd7 5. Re1 Nf6 6. c3 a6 7. Bf1 Bg4 8. h3 Bxf3 9. Qxf3 e6 {B51: Sicilian: Moscow Variation (3 Bb5+) without 3...Bd7} 10. d3 Be7 11. Nd2 O-O {The position is equal.} 12. Qe2 Re8 13. g3 Rc8 14. Bg2 d5 {[#]} 15. e5 $146 ({Predecessor:} 15. Kh2 b5 16. Nf3 c4 17. dxc4 bxc4 18. exd5 exd5 {1-0 (76) Solak,D (2598)-Filippas Ntekouan,S (2246) Vrachati 2011}) 15... Nd7 16. f4 b5 17. Nf3 Nb6 18. Be3 d4 19. cxd4 cxd4 20. Bf2 Nd5 21. Rec1 Qb6 22. Qe4 g6 23. h4 ({Worse is} 23. Bxd4 Nxd4 24. Qxd4 Bc5 $17) 23... Bc5 24. Bh3 Ne3 {[#]} 25. h5 $1 {[%mdl 512]} Nb4 {[#]} (25... gxh5 26. Ng5) 26. Rxc5 $1 {[%mdl 512]} Rxc5 (26... Qxc5 $14 27. Nxd4 Nbd5) 27. Nxd4 $18 Nbc2 28. Nxc2 Nxc2 29. Rc1 Qc7 30. hxg6 (30. Bxc5 $18 Qxc5+ 31. Kh1) 30... hxg6 $16 31. Bxc5 ({White should play} 31. a3 $16) 31... Qxc5+ $11 32. d4 Qxd4+ 33. Qxd4 Nxd4 $14 {[%mdl 4096] Endgame KRB-KRN} 34. Kf2 Rd8 35. Ke3 Rd5 ({Better is} 35... b4 $14) 36. g4 $18 g5 (36... b4 {keeps fighting.}) 37. fxg5 b4 38. Bg2 Rd8 39. Be4 b3 40. axb3 Nxb3 41. Rc7 Rd1 {and the idea ...Re1+ leaves Black hopeful.} 42. Bc2 Re1+ 43. Kf2 Rc1 $2 (43... Rxe5 44. Bxb3 Rxg5) 44. Rc3 {Accuracy: White = 77%, Black = 56%.} 1-0